| 000 | 00494nam a22001817a 4500 | ||
|---|---|---|---|
| 003 | CEME | ||
| 005 | 20210628203333.0 | ||
| 008 | 210126b xxu||||| |||| 00| 0 eng d | ||
| 020 | _a81-309-1077-2 | ||
| 040 | _c. | ||
| 082 | _a658.1 DRG | ||
| 100 |
_aBpp Learning Media _964810 |
||
| 245 | _aOrganisations and behaviour | ||
| 260 |
_aNEW DELHI _bVIVA BOOKS _c2009 |
||
| 300 | _aVIII,279P | ||
| 650 |
_aORGANISATIONAL BEHAVIOUR. ORGANISATIONAL STRUCTURE.TEAM WORK _964811 |
||
| 942 |
_cBK _2ddc |
||
| 999 |
_c573195 _d573195 |
||